Catálogo

Vista normal Vista MARC

Entrada Personal Name

Número de registros utilizados en: 1

001 - CONTROL NUMBER

  • control field: 10320

003 - CONTROL NUMBER IDENTIFIER

  • control field: DLC

005 - DATE AND TIME OF LATEST TRANSACTION

  • control field: 20191129151844.0

008 - FIXED-LENGTH DATA ELEMENTS

  • fixed length control field: 020403n| acannaabn |a aaa c

010 ## - LIBRARY OF CONGRESS CONTROL NUMBER

  • LC control number: no2002027696

035 ## - SYSTEM CONTROL NUMBER

  • System control number: (OCoLC)oca05727907

040 ## - CATALOGING SOURCE

  • Original cataloging agency: BrSU
  • Language of cataloging: spa
  • Transcribing agency: BrSU
  • Modifying agency: Mx-PuUPA
  • Description conventions: rda

100 1# - HEADING--PERSONAL NAME

  • Personal name: Rao, M. N.
  • Fuller form of name: (Madhavarao Narayana)

370 ## - ASSOCIATED PLACE

  • Place of birth: India

372 ## - FIELD OF ACTIVITY

  • Field of activity: Investigador del medio ambiente
  • Field of activity: Autor
  • Field of activity: Consultor
  • Field of activity: Profesor

373 ## - ASSOCIATED GROUP

  • Associated group: Universidad Tecnológica JNTU. Ingeniería Ambiental

374 ## - OCCUPATION

  • Occupation: Ingeniero ambiental
  • Occupation: Profesor
  • Occupation: Investigador

375 ## - GENDER

  • Gender: hombre

377 ## - ASSOCIATED LANGUAGE

  • Language code: eng
  • Language code: hin

400 1# - SEE FROM TRACING--PERSONAL NAME

  • Personal name: Rao, Madhavarao Narayanarao

400 1# - SEE FROM TRACING--PERSONAL NAME

  • Personal name: Narayanarao, Madhavarao

670 ## - SOURCE DATA FOUND

  • Source citation: Loss of collectivity at high spin in A̓NTPOT.172 W.̓.., 1986:
  • Information found: t.p. (M. N. Rao)

670 ## - SOURCE DATA FOUND

  • Source citation: Espalhamento inelástico de partículas A̓LFA.̓.., 1976:
  • Information found: t.p. (orientador, Madhavarao Narayanarao )

670 ## - SOURCE DATA FOUND

  • Source citation: Solid and hazardous waste management : science and engineering, 2017:
  • Information found: página ix (Dr. M. Narayana Rao. Technical Consultant, Bangalore (India) Emeritus Professor, J. N. Technological University (JNTU), Hyderabad (India)...)